1508 1224 1374 1287 1538 1929 1987 1457 1826 1161 1548 1664 1009 1825 1956 1098 1372 1026 1581 1372 1783 1926 1124 1864 1650 1942 1240 1938 1043 1208 1179 1462 1630 1297 1803 1328 1971 1353 1638 1044 1241 1485 1593 1731 1183 1635 1246 1915 1586 1085 1881 1973 1669 1946 1542 1594 1977 1264 1501 1204 1935 1047 1936 1056 1173 1910 1556 1905 1208 1531 1841 1533 1203 1386 1793 1388 1430 1908 1398 1888 1104 1625 1680 1886 1380 1639 1541 1037 1970 1448 1014 1489 1272 1810 1359 1240 1495 1124 1394 BCNSPRNW ULIB Ver.6.0+V

เปลี่ยนเป็นภาษาไทย

Change to English
 แสดงรายละเอียดบรรณานุกรม
  กลับหน้าหลัก

Brief Record : Get Marc (ISO 2709) : E-mail record : QR code < ปิดหน้าต่าง
LEADER : 00000nam 2200000uu 4500
001    13399121451
003     ULIB
008    121120s2555||||th 000 0 tha d
020    ^a9786169074311
060  4 ^aWB100^bว865ค
100 0  ^aวุฒิ วุฒิธรรมเวช
245 00 ^aคู่มือเวชกรรมไทย/^cโดย วุฒิ วุฒิธรรมเวช และคณะ
260    ^aกรุงเทพฯ:^bคลินิกธรรมเวชแพทย์แผนไทย,^c2555.
300    ^a400 หน้า
650  0 ^aการแพทย์แผนไทย
650  0 ^aโรค^xการป้องกันและรักษา
945    ^p750^l0^i033113
945    ^p750^l0^i033114
999    ^aทศพร
รายการนี้ยังไม่มีแท็ก
คุณยังไม่ได้ล็อกอิน คุณสามารถมีกิจกรรมร่วมกับเว็บไซต์ได้ แต่ต้องล็อกอินก่อน ::
  ล็อกอิน

รายการสื่อสารสนเทศ

ลำดับที่ ประเภท เลขเรียก/บาร์โค้ด สถานที่ สถานะ
1. วิทยาศาสตร์การแพทย์ และสุขภาพ
หนังสือสำรอง
สถานะ=หนังสือสำรอง
WB100 ว865ค ฉ.1 
  Barcode: 033113
ห้องสมุดวิทยาเขตสวรรค์ประชารักษ์
►ส่วนจัดเก็บหนังสือเก่า สปร
บนชั้น
  ขอยืม
2. วิทยาศาสตร์การแพทย์ และสุขภาพ
วิทยาศาสตร์การแพทย์ และสุขภาพ
WB100 ว865ค ฉ.2 
  Barcode: 033114
ห้องสมุดวิทยาเขตสวรรค์ประชารักษ์
►หนังสือทั่วไป
บนชั้น

รายการใกล้เคียง
    ผู้แต่ง [วุฒิ วุฒิธรรมเวช]

    หัวเรื่อง [การแพทย์แผนไทย]

BibComment


ยังไม่เคยถูกคอมเมนท์

คอมเมนท์ทรัพยากรรายการนี้
  คอมเมนท์: คู่มือเวชกรรมไทย..


 Copyright 2026. Bcnsprnw @Library